000 00264 a2200085 4500
020 _a‎ 9780500513828
100 _aGeorge M. Beylerian and Andrew H. Dent
245 _aUltra Materials: How Materials Innovation is Changing the World
260 _b Thames & Hudson
_c2007
999 _c13245
_d13245